PARÉZA N. FACIALIS V DĚTSTVÍ A HYPODONCIE

Bibliographic Details
Main Authors: Prachár, P. (Author), Strecha, Juraj, 1959- (Author), Vaněk, J. (Author), Augustín, P. (Author), Bartáková, S. (Author)
Format: Article
Language:Czech

MARC

LEADER 00000naa a2200000uu 4500
001 vtls011060067
003 SK-MaSNL
005 20260302114435.0
008 220810|2008 xo |||||||||||||||||cze|
015 |a SNBRA 
035 |a (urnnbn)urn:nbn:sk:snk:ar-a0c1wf 
035 |a (uuid)cd2eecba-7300-4db4-b185-6c39983816e7 
035 |a urn:nbn:sk:snk-aav8fz 
040 |a SNKBUCL  |b slo  |c SNKBUCL  |e AACR2 
041 0 |a cze 
044 |a xo  |c SK 
100 1 |a Prachár, P.  |4 aut  |9 796503 
245 1 0 |a PARÉZA N. FACIALIS V DĚTSTVÍ A HYPODONCIE  |c P. Prachár, J. Strecha, J. Vaněk, P. Augustín, S. Bartáková 
700 1 |a Strecha, Juraj,  |d 1959-  |4 aut  |9 197428 
700 1 |a Vaněk, J.  |4 aut  |9 616703 
700 1 |a Augustín, P.  |4 aut  |9 796521 
700 1 |a Bartáková, S.  |4 aut  |9 796504 
773 0 |t Biomedicínske postupy  |d Košice : Kňazský seminár sv. Karola Boromejského, 2008  |g S. 165-171  |z 9788089361281 
954 |a odborná, vedecká literatúra cudzojazyčná (svetová)  |2 lita 
958 |a OND 
958 |a article12 
958 |a chapter 
999 |c 1259607  |d 1261537